1871 1587 1282 1234 1799 1372 1145 1751 1192 1150 1064 1257 1660 1261 1199 1174 1855 1366 1478 1183 1589 1859 1910 1836 1814 1842 1222 1215 1450 1096 1355 1719 1031 1345 1686 1786 1083 1008 1253 1095 1831 1946 1035 1935 1638 1134 1301 1201 1939 1843 1074 1899 1272 1151 1751 1593 1182 1634 1699 1704 1599 1328 1692 1233 1076 1253 1704 1309 1058 1502 1707 1389 1634 1107 1591 1669 1650 1090 1527 1972 1400 1754 1376 1081 1524 1243 1679 1119 1656 1645 1038 1437 1311 1030 1853 1441 1226 1357 1258 BCNSPRNW ULIB Ver.6.0+V

เปลี่ยนเป็นภาษาไทย

Change to English
 แสดงรายละเอียดบรรณานุกรม
  กลับหน้าหลัก

Brief Record : Get Marc (ISO 2709) : E-mail record : QR code < ปิดหน้าต่าง
LEADER : 00000nam 2200000uu 4500
001    13399111920
003     ULIB
008    110627s2550||||th 000 0 tha d
020    9789747291247
090    นว.^bก124ร 2550
100 0  กนกณัชชา
245 00 รักฉบับกระเป๋า/^cกนกณัชชา
250    พิมพ์ครั้งที่ 1
260    กรุงเทพฯ :^bไฟน์บุ๊ค,^c2550
300    368 หน้า
710 1  ไฟน์บุ๊ค
945    ^p210^l0^i021043
995    ทศพร
999 ^a ใช้งานได้ทุกระบบ
รายการนี้ยังไม่มีแท็ก
คุณยังไม่ได้ล็อกอิน คุณสามารถมีกิจกรรมร่วมกับเว็บไซต์ได้ แต่ต้องล็อกอินก่อน ::
  ล็อกอิน

รายการสื่อสารสนเทศ

ลำดับที่ ประเภท เลขเรียก/บาร์โค้ด สถานที่ สถานะ
- ไม่พบข้อมูล -

BibComment


ยังไม่เคยถูกคอมเมนท์

คอมเมนท์ทรัพยากรรายการนี้
  คอมเมนท์: รักฉบับกระเป๋า กน..


 Copyright 2026. Bcnsprnw @Library